|
|
|
|
| LEADER |
00000nas a2200000 i 4500 |
| 001 |
ssj0000941542 |
| 003 |
WaSeSS |
| 005 |
20200512172242.0 |
| 006 |
m d |
| 007 |
cr n |
| 008 |
120327c20129999paufr p s | a0eng |
| 010 |
|
|
|a 2012201362
|
| 016 |
7 |
|
|a 101617990
|2 DNLM
|
| 022 |
|
|
|a 2166-7403
|l 2166-7403
|
| 035 |
|
|
|a (WaSeSS)ssj0000941542
|
| 037 |
|
|
|b University Library System, University of Pittsburgh, 3960 Forbes Avenue, Pittsburgh, PA 15260
|c open access
|
| 040 |
|
|
|a DLC
|b eng
|e pn
|c DLC
|d DLC
|d OCLCO
|d OCLCQ
|d DKU
|d OCLCO
|d DLC
|d OCLCF
|d NLM
|d OCLCO
|d CUS
|d OCLCQ
|d OCLCO
|d CASUM
|d OCLCO
|d AU@
|d OCLCA
|d WaSeSS
|
| 042 |
|
|
|a pcc
|a nsdp
|
| 043 |
|
|
|a a------
|
| 050 |
1 |
4 |
|a RA440.A1
|
| 060 |
1 |
0 |
|a W1
|
| 082 |
0 |
0 |
|a 362.1
|2 23
|
| 210 |
1 |
0 |
|a Cent Asian J Glob Health
|2 dnlm
|
| 222 |
|
0 |
|a Central Asian journal of global health
|b (Online)
|
| 245 |
0 |
0 |
|a Central Asian journal of global health
|h [electronic resource].
|
| 246 |
1 |
|
|a CAJGH
|
| 260 |
|
|
|a [Pittsburgh, PA] :
|b University Library System, University of Pittsburgh,
|c 2012-
|
| 310 |
|
|
|a Semiannual
|
| 362 |
1 |
|
|a Began with: Vol 1, no 1 (2012).
|
| 506 |
|
|
|a License restrictions may limit access.
|
| 588 |
|
|
|a Description based on: Vol 1, no 1 (2012); title from banner (Pitt.edu, viewed Dec. 4, 2013).
|
| 588 |
|
|
|a Latest issue consulted: Vol 2, no 2 (2013) (viewed Jan. 8, 2014).
|
| 650 |
|
0 |
|a Public health
|z Asia
|v Periodicals.
|
| 650 |
|
7 |
|a Public health.
|2 fast
|0 (OCoLC)fst01082238
|
| 650 |
1 |
2 |
|a Public Health.
|
| 651 |
|
7 |
|a Asia.
|2 fast
|0 (OCoLC)fst01240495
|
| 651 |
|
4 |
|a Asia, Central.
|
| 651 |
|
2 |
|a Asia.
|
| 655 |
|
0 |
|a Electronic journals.
|
| 710 |
2 |
|
|a University of Pittsburgh.
|b University Library System.
|
| 856 |
4 |
0 |
|z Full text available from Research Library: 01/01/2012 to present
|u https://search.proquest.com/publication/2029667
|